| 000 | 01952nam a2200433 a 4500 | ||
|---|---|---|---|
| 999 |
_c4180 _d4180 |
||
| 003 | AKMAL | ||
| 005 | 20170525143504.0 | ||
| 008 | 017052s2004 my oc e | 000 0 may d | ||
| 020 |
_a9834185804 : _cRM 95.00 |
||
| 040 | _aAKMAL | ||
| 082 | 0 | 4 |
_a959.5300495 KER _222 |
| 090 | 0 | 0 |
_a959.5300495 _bKER |
| 245 | 0 | 4 |
_aThe Keruak Clan : _bpotrait of a Bajau patriot : pictorial presentation of a Bajau Clan = Kerabat Keruak : potret pahlawan Bajau : persembahan bergambar suatu Kerabat Bajau |
| 246 | 3 | 1 |
_aKerabat Keruak : _bpotret pahlawan Bajau : persembahan bergambar suatu Kerabat Bajau |
| 260 |
_aSungai Buloh : _bBukit Rahman Putra, _c2004 |
||
| 300 |
_a108p. : _bpot. ; _c26x29cm. |
||
| 546 | _aTeks sejajar bahasa Malaysia dan bahasa Inggeris | ||
| 650 | 1 | 0 |
_aBajau (Southeast Asian people) _zMalaysia _zSabah _98201 |
| 651 | 4 |
_aSabah _xPolitics and government _98202 |
|
| 651 | 4 |
_aSabah _xHistory _98203 |
|
| 942 |
_2ddc _cBOOK |
||